000 00787cam5a220022900 4500
001 lce00586743
008 731212s1966 ilua b 000 0 eng
010 _a 66024644
035 _a(Sirsi) r54233
035 _a(DLC) 66024644
035 _a(UPRA)lce00586743
050 0 _aQH431
_b.V28
082 _a574.8/76
100 1 _aVan Peenen, Hubert J., 1931-
_dVan Peenen, Hubert J., 1931-
_6A12943.1
245 1 0 _aBiochemical genetics,
_ccompiled and edited by Hubert J. Van Peenen.
260 _aSpringfield, Ill.,
_bC. C. Thomas
_c[1966]
504 _aIncludes bibliographies.
650 0 _aBiochemical genetics.
_6S8791.1
949 _aQH431
_wlcc
_i33729000328398
_mMAIN
_p2500
_tBOOK
_lON-SHELF
949 _aQH431
_wlcc
_i33729000329149
_mMAIN
_p2500
_tBOOK
_lON-SHELF
004 54233
999 _c141651
_d141651